000 00683nam a22002177a 4500
005 20241206145201.0
008 240528b ||||| |||| 00| 0 eng d
020 _a9789354337819
040 _cAIMIT LIBRARY
082 _a332.12
_bGORE
100 _aGordon,E.
_9168225
245 _aBanking:
_btheory law and practice /
_cby E. Gordon and K. Natarajan.
250 _a29th ed.
260 _aMumbai :
_bHimalaya Publishing House ,
_c2023.
300 _a391 p.;
_bPB
_c29.3 cm.
650 _aBanker and customer
_9168226
650 _aPass Book
_9168227
650 _aBank Customers special types
_9168228
700 _aNatarajan, K.
_9168229
942 _2ddc
_cBK
_e29th
_k332.12 GORE
999 _c230950
_d230950